[Event "Titled Tuesday intern op 30th May Late"]
[Site "Chess.com INT"]
[Date "2023.05.30"]
[Round "6"]
[White "Tissir, Mohamed"]
[Black "Tanenbaum, Zachary Chen"]
[Result "1/2-1/2"]
[WhiteElo "2354"]
[BlackElo "2261"]
[PlyCount "181"]
[EventDate "2023.05.30"]
[EventType "swiss (blitz)"]
[EventRounds "11"]
[EventCountry "USA"]
[SourceTitle "CBM 214 Extra"]
[Source "ChessBase"]
[SourceDate "2023.07.31"]
[SourceVersion "1"]
[SourceVersionDate "2023.07.31"]
[SourceQuality "1"]

1. e4 e5 2. Nf3 Nc6 3. Bc4 Nf6 4. d3 Be7 5. 0-0 0-0 6. Re1 d6 7. c3 Na5 8. Bb5 a6 9. Ba4 b5 10. Bc2 c5 11. Nbd2 Re8 12. Nf1 Bf8 13. Ng3 h6 14. h3 Nc6 15. d4 cxd4 16. cxd4 exd4 17. Nxd4 Nxd4 18. Qxd4 Be6 19. Bd2 Rc8 20. Bc3 Nd7 21. Nf5 Qg5 22. Nxd6 b4 23. Nxc8 Rxc8 24. Bd2 Qg6 25. Bd1 Bc5 26. Qd3 Ne5 27. Qf1 Bc4 28. Be2 Nf3+ 29. Bxf3 Bxf1 30. Rxf1 Bd4 31. Bxb4 Rc2 32. Ba3 Qb6 33. Rad1 Bxb2 34. Bxb2 Qxb2 35. e5 g6 36. Bd5 Qxe5 37. Bb3 Rb2 38. Rd7 Qb5 39. Bxf7+ Kf8 40. Be6 Re2 41. Bg4 h5 42. Bxe2 Qxd7 43. Bxa6 Qa4 44. Bd3 Kg7 45. Bb1 Qd4 46. g3 h4 47. g4 Kh6 48. Kg2 Kg5 49. Re1 Qb4 50. Rd1 Kf4 51. Bd3 Qb2 52. Re1 Qxa2 53. Re4+ Kg5 54. Re5+ Kf6 55. Re3 Qd2 56. Be4 g5 57. Bf3 Qb2 58. Be4 Ke5 59. Bf5+ Kd4 60. Re4+ Kc3 61. Re3+ Kd2 62. Be4 Qd4 63. Bf3 Qc5 64. Re2+ Kd3 65. Re3+ Kd4 66. Re4+ Kc3 67. Re3+ Kd2 68. Re2+ Kc1 69. Re3 Qd4 70. Re1+ Kd2 71. Rd1+ Kc3 72. Rxd4 Kxd4 73. Bb7 Ke5 74. Bc6 Kf4 75. Bb7 Ke5 76. Kf3 Kd4 77. Be4 Ke5 78. Bf5 Kd4 79. Ke2 Ke5 80. Ke3 Kf6 81. f4 gxf4+ 82. Kxf4 Kg7 83. g5 Kh8 84. Kg4 Kg7 85. Kxh4 Kh8 86. Kg4 Kg7 87. h4 Kg8 88. h5 Kh8 89. h6 Kg8 90. g6 Kh8 91. Be6 1/2-1/2